| 000 | 01190nam a22002297a 4500 | ||
|---|---|---|---|
| 005 | 20130507153703.0 | ||
| 010 | _aENG-107052 | ||
| 020 |
_a9788132110415 _c695.00 |
||
| 035 | _aEN-90585 | ||
| 037 | _bDBAD/PUB | ||
| 082 | 0 | 0 |
_a303.484 _223 |
| 100 | 1 | _aGudavarthy, Ajay. | |
| 245 | 1 | 0 |
_aPolitics of post-civil society : _bcontemporary history of political movements in India / _cby Ajay Gudavarthy |
| 260 |
_aNew Delhi _bSAGE Publications _c2013 |
||
| 270 |
_aB1/I-1 Mohan Cooperative Industrial Area Mathura Road _bNew Delhi _e110044 |
||
| 300 |
_ax, 262 p. _c23cm(Hb) |
||
| 500 | _aIncludes bibliographical references (p. [239]-254) and index. | ||
| 505 | 0 | _aWhy beyond civil society? -- Human rights movements in India : state, civil society and beyond -- Dalit and Naxalite struggles : political identities beyond identity politics -- Feminist politics and legal subjectivity : negotiating transformative dilemmas -- Collectives against pollution and 'political society' : implications of uncivil development -- Towards politics of post-civil society. | |
| 650 | 0 |
_aSocial movements _zIndia. |
|
| 650 | 0 |
_aCivil society _zIndia. |
|
| 942 |
_2ddc _cEN _h303.484 _mGUD |
||
| 999 |
_c75197 _d75197 |
||